000
00267nam a22001217a 4500
020
_a
0-7498-4098-6
082
_a
823
_b
MOR/A
100
_a
MORGAN, NICOLA
245
_a
KEY WORDS READERS
260
_a
UK
_b
EGMONT WORLD
650
_a
ENGLISH SHORT STORY
_z
UK
942
_c
BK
999
_c
4879
_d
4879